Poder económico y poder político

Saved in:
Bibliografiske detaljer
Main Authors: Paniagua, Javier (autor), Piqueras, José Antonio (Author)
Format: Bog
Sprog:spansk
Udgivet: Valencia Centro Francisco Tomás y Valiente 1998
Serier:Biblioteca Historia Social, 1
Fag:
Tags: Tilføj Tag
Ingen Tags, Vær først til at tagge denne postø!

MARC

LEADER 00000nam a2200000 a 4500
001 UCN7896
003 CL-VaPUC
008 011026e19980000SP |||||||||||||||||spa|d
082 0 4 |a 338.946  |b PAN  |2 21 
100 |a Paniagua, Javier  |e autor  |9 464121 
700 0 |a Piqueras, José Antonio  |e author  |9 464122 
245 1 0 |a Poder económico y poder político 
300 |a 202 p 
942 |c BK 
945 |d 20011026 00:00:00  |a cmena 
260 |a Valencia  |b Centro Francisco Tomás y Valiente  |c 1998 
650 0 |a Desarrollo económico y social   |9 256320 
650 0 |a Poder político  |9 255509 
650 0 |a Globalización  |9 361930 
583 |a last modification  |c 20011026 00:00:00  |k Rodrigo Vera 
490 0 |a Biblioteca Historia Social, 1 
999 |c 298083  |d 298081 
952 |0 0  |1 0  |4 0  |6 338_946000000000000_PAN_1998  |7 0  |8 A  |9 353416  |a BIBHIS  |b BIBHIS  |d 2019-11-21  |i 3765598  |o 338.946 PAN 1998  |p 3765598  |r 2025-01-20  |w 2019-11-21  |y BK  |k HIS